La incorporación de los principios sustantivos de la Convención Internacional de los Derechos del Niño en los procesos de familia / (Registro nro. 5789)
[ vista simple ]
| 000 -LEADER | |
|---|---|
| fixed length control field | 01327nab a22002297a 4500 |
| 003 - CONTROL NUMBER IDENTIFIER | |
| control field | OSt |
| 005 - DATE AND TIME OF LATEST TRANSACTION | |
| control field | 20260106185730.0 |
| 008 - FIXED-LENGTH DATA ELEMENTS--GENERAL INFORMATION | |
| fixed length control field | 190514b xxu||||| |||| 00| 0 spa d |
| 040 ## - CATALOGING SOURCE | |
| Transcribing agency | PJ |
| 100 ## - MAIN ENTRY--PERSONAL NAME | |
| 9 (RLIN) | 6695 |
| Personal name | Bertolé, Cecilia |
| 245 13 - TITLE STATEMENT | |
| Title | La incorporación de los principios sustantivos de la Convención Internacional de los Derechos del Niño en los procesos de familia / |
| Statement of responsibility, etc | Cecilia Bertolé. |
| 300 ## - PHYSICAL DESCRIPTION | |
| Extent | p. 3-10 |
| 505 ## - FORMATTED CONTENTS NOTE | |
| Formatted contents note | Sumario: I. El surgimiento de la perspectiva de niñez y su incorporación en los procesos locales.— II. La función interpretativa como<br/>central.— III. El interés superior del niño.— IV. El derecho a la participación.— V. El derecho a la vida, la supervivencia y el desarrollo.— VI. El principio de igualdad y no discriminación.— VII. Test de principios sustantivos.— VIII. Reflexiones finales. |
| 505 ## - FORMATTED CONTENTS NOTE | |
| Title | Si te interesa el texto, comunicate a koha@justierradelfuego.gov.ar |
| 650 #0 - SUBJECT ADDED ENTRY--TOPICAL TERM | |
| 9 (RLIN) | 967 |
| Topical term or geographic name as entry element | DERECHO DE FAMILIA |
| 650 #0 - SUBJECT ADDED ENTRY--TOPICAL TERM | |
| 9 (RLIN) | 2741 |
| Topical term or geographic name as entry element | DERECHOS DE LAS NIÑAS, NIÑOS Y ADOLESCENTES |
| 650 #0 - SUBJECT ADDED ENTRY--TOPICAL TERM | |
| Topical term or geographic name as entry element | PROCESOS DE FAMILIA |
| 9 (RLIN) | 3874 |
| 650 #0 - SUBJECT ADDED ENTRY--TOPICAL TERM | |
| Topical term or geographic name as entry element | INTERES SUPERIOR DEL NIÑO |
| 9 (RLIN) | 4097 |
| 650 #0 - SUBJECT ADDED ENTRY--TOPICAL TERM | |
| Topical term or geographic name as entry element | CONVENCIÓN SOBRE LOS DERECHOS DEL NIÑO |
| 9 (RLIN) | 2735 |
| 773 0# - HOST ITEM ENTRY | |
| Host Biblionumber | 2844 |
| Host Itemnumber | 3222 |
| Place, publisher, and date of publication | Buenos Aires : AbeledoPerrot, 1989- |
| Title | Derecho de familia. N° 116 - Septiembre 2024 |
| International Standard Book Number | 18511201 |
| 942 ## - ADDED ENTRY ELEMENTS (KOHA) | |
| Source of classification or shelving scheme | |
| Koha item type | Analítica Artículo de Revista |
No hay ítems disponibles.
